Statistics for Word Ladder: Mine - Craft

Click here to take the quiz!

General Stats

  • This quiz has been taken 20 times
  • The average score is 8 of 13

Answer Stats

HintAnswer% Correct
__CraftMine
100%
Word for BrainMind
80%
Mine____Craft
67%
Alcoholic BeverageGin
67%
Smile [ADD LETTER]Grin
67%
Shark part [SUBTRACT LETTER]Fin
60%
Too look forFind
60%
Military RecruitmentDraft
53%
Working hard [ADD LETTER]Grind
53%
MagnificentGrand
47%
To allowGrant
47%
Word for boatRaft
47%
To ramble on [SUBTRACT LETTER]Rant
47%

Score Distribution

Percentile by Number Answered

Percent of People with Each Score

Your Score History

You have not taken this quiz